000 00490nam a22001817a 4500
003 BDDh-ASL
005 20231015031101.0
008 221228s1882 xx ||||| |||| 00| 0 a d
040 _aBDDh-ASL
_cBDDh-ASL
041 _aara
082 _a297
_bNAL
100 1 _aNasafi, Hafizuddin Abdullah An
_96894
245 1 0 _aLubāb at Tawīl : / لباب التأويل
260 _bMisriya Press ,
_c1882/1304 H.
300 _a518 p. :
_c27 cm.
650 0 _aTafsir
_94705
942 _2ddc
_cBK
999 _c29891
_d29891